000 01174nji a22002777a 4500
005 20100906115023.0
006 a|||||r|||||00| 0
007 sd ammalaaahaa
008 100830t xxu||||| |||| 00| 0 eng d
028 _aN 50641
_bHis Master's Voice
035 _aGR-765
040 _aSED
_cSED
100 _917455
_aBhosle, Asha
245 _aFoot path /
_cby Asha Bhosle ; music by Khayyam ; lyrics by Sardar Jaffri [and] Majrooh Sultanpuri
_h[sound recording] :
246 _aफूटपाथ / लता मंगेशकर द्वारा
260 _aDum Dum, India
_bHis Master's Voice
300 _a1 sound disc [Gramophone Recording]:
_banalog, 33 1/3 rpm
_c9.5 in. (MP)
_fGramophone Record
500 _aBrief Record
505 _aSide-1 शामे गम की कसम (Shaame gam ki kasam) (Talat Mahmood) --Side-२ आराराराम (Aarararam) (Asha Bhosle)
650 _aClassical music
_zIndia
_91186
_xExcerpts
700 _917416
_aKhayyam
700 _917456
_aJaffri, Sardar
700 _aSultampuri, Majrooh
_918531
942 _2ddc
_cGR
999 _c43933
_d43933